01139cam a2200325 a 45000010009000000050017000090080041000260100017000670200015000840350022000990370060001210400018001810420010001990430012002090500028002210820021002491000022002702450067002922460019003592600055003783000029004335040054004626000031005166500045005476510026005929060045006189420017006639990019006809520114006991285553920141210104911.0020424s2001 ph b 000 0beng  a 2002346634 a9712711501 a(DLC) 2002346634 bLibrary of Congress -- Jakarta Overseas OfficecP240.00 aDLCcDLCdDLC alcode aa-ph---00aDS 675.8.R5b.Oc26 200100a959.9/027/092aB1 aOcampo, Ambeth R.10aMeaning and history :bthe Rizal lectures /cAmbeth R. Ocampo.30aRizal lectures aManila, Philippines :bAnvil Publications ,c2001. axix, 121 pages :c22 cm. aIncludes bibliographical references (p. 119-121).10aRizal, José,d1861-1896. 0aRevolutionarieszPhilippinesvBiography. 0aPhilippinesxHistory. a7bcbccorigoded3encipf20gy-gencatlg 2lcccBKkFIL c276906d276906 00102lcc40aCLbCLcFILd2014-12-10l0oDS 675.8.R5 .Oc26 2001pC18996r2018-05-08 00:00:00w2014-12-10yBK